| 000 | 00349nam a22001217a 4500 | ||
|---|---|---|---|
| 082 |
_a358.22 _bMIL _cD |
||
| 245 | _aDefense services regulations Pakistan for the military engineering services 1964 | ||
| 260 |
_aRawalpindi. : _bGHQ, _c1964 |
||
| 300 | _a380 p.: | ||
| 526 |
_a0 _b0 _c0 _d358_220000000000000_MIL |
||
| 650 |
_aMCE _9379 |
||
| 942 |
_2ddc _cBK |
||
| 999 |
_c542838 _d542838 |
||